000 00882nam a22002055i 4500
001 151837
003 ES-MaACL
005 20250927063038.0
008 020327s1861 sp |||| | spa d
040 _aCAM
_bspa
_cCAM
100 1 _aBelza, Juan,
_d1819-1888
_9125905
245 1 0 _aArdides y cuchilladas
_b: zarzuela en tres actos /
_cletra de Juan Belza ; música de Antonio Reparaz.
260 _aMadrid :
_b[s.n.],
_c1861 (
_fImprenta de José Rodriguez)
300 _a57 p. ;
_c20 cm.
500 _aEn port.: Estrenada en el teatro del Circo la noche del 23 de febrero de 1861.
500 _aSolo la letra.
700 1 _aReparaz, Antonio.
_996255
852 _aES-MaACL
_jF-8593(11)
_z-- Enc. pasta española, falto de la cub. original
_z-- Enc. en un vol. facticio, formando parte de la col. facticia "Teatro español moderno", vol. 46
999 _c151837
_d151837